Malvaceae from Serra do Lenheiro, Minas Gerais, Brazil (Registro n. 339080)
[ somente texto ]
| 000 -LÍDER | |
|---|---|
| fixed length control field | 02809nab a2200289 i 4500 |
| 003 - CÓDIGO MARC DA AGÊNCIA CATALOGADORA | |
| Campo de controle | BR-BrBNA |
| 005 - DATA E HORA DA ÚLTIMA ATUALIZAÇÃO | |
| Campo de controle | 20251117130640.0 |
| 008 - CAMPO DE TAMANHO FIXO | |
| fixed length control field | 251117b2023 bl.ar|pooa||| 00| 0 eng | |
| 040 ## - FONTE DA CATALOGAÇÃO | |
| Agência catalogadora | BR-BrBNA |
| Idioma da catalogação | eng |
| 072 ## - CATEGORIA AGRIS | |
| Código AGRIS | F70 |
| 100 ## - ENTRADA PRINCIPAL - NOME PESSOAL | |
| Nome pessoal | Costa, Maria Tereza Rodrigues |
| 100 ## - ENTRADA PRINCIPAL - NOME PESSOAL | |
| Nome pessoal | Bovini, Massimo Giussepe |
| 100 ## - ENTRADA PRINCIPAL - NOME PESSOAL | |
| Nome pessoal | Alves, Lívia Lara |
| 100 ## - ENTRADA PRINCIPAL - NOME PESSOAL | |
| Nome pessoal | Castro, Gislene Carvalho de |
| 100 ## - ENTRADA PRINCIPAL - NOME PESSOAL | |
| Nome pessoal | Sobral, Marcos |
| 245 ## - TÍTULO PRINCIPAL | |
| Título principal | Malvaceae from Serra do Lenheiro, Minas Gerais, Brazil |
| 500 ## - NOTA GERAL | |
| Nota geral | Publicação on-line; Bibliography p. 23-25 (101 ref.); 4 illus.; Summaries (En, Pt) |
| 942 ## - ADDED ENTRY ELEMENTS (KOHA) | |
| Koha item type | Analítica |
| 520 ## - NOTA DE RESUMO | |
| Nota de conteúdo | <br/><br/>Abstract<br/><br/>We present a taxonomic treatment of the Malvaceae from Serra do Lenheiro, a montane range in the<br/>municipality of São João del-Rei, Minas Gerais, Brazil, in order to contribute to the knowledge of this family<br/>and the state’s flora. Eleven genera and twenty-nine species were recorded. Sida, Pavonia and Peltaea are the<br/>richest genera. Among the recorded species, nine are considered as ruderal and ten are endemic of Brazil. Three<br/>species have São João del-Rei as the type-locality. Analytic keys, morphological descriptions, photographic<br/>plates and comments about the treated species are presented. Illustrations are presented for two species: one<br/>has no iconography in Brazilian studies for Malvaceae (Sida plumosa) and one has only poor iconographic<br/>representations (Sida viarum).<br/><br/>Key words: campos rupestres, flora, Malvales, taxonomy.<br/><br/><br/><br/><br/><br/>Resumo<br/><br/>Apresentamos um tratamento taxonômico para Malvaceae da Serra do Lenheiro, São João del-Rei, Minas<br/>Gerais, Brasil, com o objetivo de contribuir para o conhecimento dessa família e da flora do estado. Foram<br/>registrados 11 gêneros e 29 espécies. Sida, Pavonia e Peltaea são os gêneros mais ricos. Entre as espécies<br/>registradas, nove são consideradas ruderais e dez são endêmicas do Brasil. Três espécies têm como localidade <br/>tipo São João del-Rei. São apresentados chaves analíticas, descrições morfológicas, pranchas fotográficas e<br/>comentários sobre as espécies tratadas. Ilustrações são apresentadas para duas espécies: uma que não possui<br/>iconografia em trabalhos brasileiros para Malvaceae (Sida plumosa) e uma que possui somente representações<br/>iconográficas pobres (Sida viarum). <br/><br/>Palavras-chave: campos rupestres, flora, Malvales, taxonomia. |
| 650 ## - ASSUNTO - THESAGRO | |
| Cabeçalho tópico ou nome geográfico | CAMPO |
| 650 ## - ASSUNTO - THESAGRO | |
| Cabeçalho tópico ou nome geográfico | FLORA |
| 650 ## - ASSUNTO - THESAGRO | |
| Cabeçalho tópico ou nome geográfico | MALVACEAE |
| 650 ## - ASSUNTO - THESAGRO | |
| Cabeçalho tópico ou nome geográfico | TAXONOMIA |
| 773 0# - ENTRADA ANALÍTICA | |
| Host Biblionumber | 709 |
| Registro do item | 359038 |
| Imprenta | Rio de Janeiro-RJ Jardim Botanico do Rio de Janeiro 1935 |
| Outro identificador | 2025-7012 |
| Título | Rodriguésia (Brazil) |
| ISSN | 0370-6583; 2175-7860 on-line |
| Colação | v. 74 p. 1-25; (2023) |
| Número de controle de registro | BR2025004428 |
| 856 ## - ACESSO E ENDEREÇO ELETRÔNICO | |
| Identificador uniforme de recurso - URI | https://www.scielo.br/j/rod/a/dV7PSNTnffFwZ6K3w6gYbbN/?format=pdf&lang=en |
Nenhum exemplar disponível.

BINAGRI